000 01453nam a2200397 i 4500
001 147348
003 FINmELB
005 20241217182228.0
006 m o u
007 cr cn|||||||||
008 200420s2018 sp o 000 0 spa d
020 _a9788430973125 (e-book)
035 _a(OCoLC)1152924286
040 _aFINmELB
_bspa
_erda
_cFINmELB
050 1 4 _aKKT920
_bL935 2018
080 _a347.7(460)
082 0 4 _a346.4607
_223
100 1 _aLuceño Oliva, Jose Luis.
245 1 0 _aCasos prácticos de derecho mercantil /
_cJosé Luis Luceño Oliva.
264 1 _aMadrid :
_bEditorial Tecnos,
_c2018.
300 _a1 recurso en línea (213 páginas)
336 _atexto
_btxt
_2rdacontent/spa
337 _acomputadora
_bc
_2rdamedia/spa
338 _arecurso en línea
_bcr
_2rdacarrier/spa
588 _aDescripción basada en metadatos suministrados por el editor y otras fuentes.
590 _aRecurso electrónico. Santa Fe, Arg.: elibro, 2019. Disponible vía World Wide Web. El acceso puede estar limitado para las bibliotecas afiliadas a elibro.
650 0 _aCommercial law
_zSpain.
650 4 _aDerecho mercantil
_xEspaña.
655 4 _aLibros electrónicos.
797 2 _aelibro, Corp.
856 4 0 _uhttps://elibro.net/ereader/politecnicointernacional/123106
999 _c147348
_d147348